000 00461nam a2200169Ia 4500
008 121107t2009 xxu||||| |||| 00| 0 sin d
041 _asin
080 _aX8S1
_bMOR
100 _aMoratuvagama .H.M
245 _aසිංහල කවි සහ ගීත
246 _aSinhala Kavi Saha Geetha
260 _bRthna Poth Prakashakayo
_aColombo 10
_c2009
300 _b103p., 21 cm
942 _cBK
999 _c76820
_d76820
003 LK-CoDNM
040 _aLK-CoDNM
_dLK-CoDNM
_eLK-CoDNM